| 000 | 00918nam a22001697a 4500 | ||
|---|---|---|---|
| 003 | SGT | ||
| 020 | _a9789332554665 | ||
| 082 | _a004,KOC | ||
| 100 | _aKOCHAN,STEPHEN G | ||
| 245 | _aPROGRAMMING IN C | ||
| 250 | _a4TH | ||
| 260 |
_aNEW DELHI _bPEARSON _c2015 |
||
| 300 | _a525 | ||
| 650 | _aCOMPUTER, MATHEMATICS | ||
| 653 | _a1 SOME FUNDAMENTALS 2 COMPILING AND RUNNING YOUR FIRST PROGRAM 3 VARIABLES, DATA TYPES, AND ARITHMETIC EXPRESSIONS 4 PROGRAM LOOPING 5 MAKING DECISIONS 6 WORKING WITH ARRAYS 7 WORKING WITH FUNCTIONS 8 WORKING WITH STRUCTURES 9 CHARACTER STRINGS 10 POINTERS 11 OPERATIONS ON BITS 12 THE PREPROCESSOR 13 EXTENDING DATA TYPES WITH THE ENUMERATED DATA TYPE, TYPE DEFINITIONS, AND DATA TYPE CONVERSIONS 14 WORKING WITH LARGER PROGRAMS 15 INPUT AND OUTPUT OPERATIONS IN C 16 MISCELLANEOUS AND ADVANCED FEATURES 17 DEBUGGING PROGRAMS 18 OBJECT-ORIENTED PROGRAMMING | ||
| 942 |
_2ddc _cFPS _06 |
||
| 999 |
_c9877 _d9877 |
||